000 00417nam a2200181Ia 4500
001 15695
005 20260306170215.0
008 260306t2007||||xx |||||||||||||| ||und||
041 _aESP
082 _a577
_bS61 2007
100 _aSmith M., Thomas
_eAUT
245 0 _aEcología texto impreso
260 _c2007
300 _a776 páginas :
_ccm.
650 _aGEN
654 _aCIA
942 _cLIB
_dJUS
_fJUS
_2ddc
_n
999 _c15695
_d15695